Statistics for Top 10 European Countries by Coastline

Click here to take the quiz!

General Stats

  • This quiz has been taken 85,207 times
    (70,215 since last reset)
  • The average score is 9 of 10

Answer Stats

KilometersCountry% Correct
27,400Norway
97%
12,100United Kingdom
97%
6,020Italy
97%
4,810France
96%
6,520Sweden
95%
20,200Russia
94%
9,480Greece
93%
4,190Finland
92%
5,100Denmark
87%
5,200Iceland
75%

Score Distribution

Percentile by Number Answered

Percent of People with Each Score

Your Score History

You have not taken this quiz since the last reset